[Event "1/2 finale Omniums -14 ans"]
[Site "Maisons Alfort"]
[Date "2019.06.10"]
[Round "1.1"]
[White "Ye, Axel"]
[Black "Ben Kamouche, Mehdi"]
[Result "1-0"]
[WhiteElo "1199"]
[BlackElo "1099"]
[PlyCount "107"]
[EventDate "2019.??.??"]
[EventType "tourn"]
[SourceVersionDate "2019.06.11"]
[WhiteTeam "MGE 2"]
[BlackTeam "Montreuil  EDLV"]

1. e4 e5 2. Nf3 Nc6 3. Bb5 a6 4. Ba4 b5 5. Bb3 Bb4 6. Nc3 Ba5 7. a3 Bb6 8. O-O
h5 9. d3 h4 10. h3 Nf6 11. Bg5 d6 12. Nd5 Nd4 13. Nxh4 Nxd5 14. Bxd8 Kxd8 15.
Nf5 Bxf5 16. exf5 c6 17. c3 Nxf5 18. Qf3 Nfe3 19. fxe3 Nxe3 20. Kh2 Nxf1+ 21.
Rxf1 Kc7 22. Qxf7+ Kd8 23. Qxg7 Re8 24. Be6 Rxe6 25. Qg8+ Re8 26. Rf8 Rxf8 27.
Qxf8+ Kc7 28. Qxa8 c5 29. Qxa6 c4 30. dxc4 bxc4 31. Qxc4+ Kb7 32. Qd5+ Ka7 33.
Qxd6 Kb7 34. Kh1 Bc7 35. Qd5+ Kc8 36. b4 Kb8 37. b5 Kc8 38. b6 Bxb6 39. Qc6+
Bc7 40. h4 Kb8 41. h5 Kc8 42. h6 Kd8 43. h7 Ke7 44. Qxc7+ Ke6 45. Qd8 Kf5 46.
h8=Q e4 47. Qhf8+ Ke5 48. Qfe8+ Kf5 49. Qdd7+ Kf4 50. Qdf7+ Ke3 51. Qf3+ Kd2
52. Qexe4 Kc1 53. Qee2 Kb1 54. Qff1# 1-0

[Event "1/2 finale Omniums -14 ans"]
[Site "Maisons Alfort"]
[Date "2019.06.10"]
[Round "1.2"]
[White "Villeret, Robin"]
[Black "Masson, Vincent"]
[Result "0-1"]
[WhiteElo "1120"]
[BlackElo "1170"]
[PlyCount "94"]
[EventDate "2019.??.??"]
[EventType "tourn"]
[SourceVersionDate "2019.06.11"]
[WhiteTeam "MGE 2"]
[BlackTeam "Montreuil  EDLV"]

1. c4 Nf6 2. Nc3 d5 3. cxd5 Nxd5 4. g3 c6 5. Bg2 Bg4 6. Nf3 Nxc3 7. bxc3 e6 8.
O-O Nd7 9. d4 Nf6 10. Bg5 Be7 11. Qd3 Bf5 12. Qe3 h6 13. Bxf6 Bxf6 14. Nh4 Bxh4
15. gxh4 Qxh4 16. Qg3 Qg5 17. Qxg5 hxg5 18. e4 Bg4 19. h3 Bxh3 20. Bxh3 Rxh3
21. Rac1 Rh4 22. f3 O-O-O 23. Kg2 g6 24. Kg3 Rdh8 25. f4 gxf4+ 26. Rxf4 Rxf4
27. Kxf4 Rh2 28. a3 Ra2 29. Kg5 Kd7 30. Rd1 Rxa3 31. d5 cxd5 32. exd5 exd5 33.
Rxd5+ Kc6 34. c4 b6 35. Kf6 Rc3 36. Kxf7 Rxc4 37. Rg5 Rf4+ 38. Kxg6 a5 39. Rg3
b5 40. Kg5 Rd4 41. Rg2 b4 42. Ra2 Rd5+ 43. Kf4 b3 44. Rb2 Rb5 45. Ke3 a4 46.
Rb1 a3 47. Rd1 Re5+ 0-1

[Event "1/2 finale Omniums -14 ans"]
[Site "Maisons Alfort"]
[Date "2019.06.10"]
[Round "1.3"]
[White "Allaire, Tom"]
[Black "Piot, Prunelle"]
[Result "1-0"]
[WhiteElo "1080"]
[BlackElo "1090"]
[PlyCount "131"]
[EventDate "2019.??.??"]
[EventType "tourn"]
[SourceVersionDate "2019.06.11"]
[WhiteTeam "MGE 2"]
[BlackTeam "Montreuil  EDLV"]

1. e4 e5 2. Nf3 Nc6 3. Nc3 Bc5 4. Bb5 d6 5. d3 Bg4 6. Bg5 Nf6 7. Nd5 a6 8. Bc4
b5 9. Bb3 O-O 10. Nxf6+ gxf6 11. Bh6 Re8 12. a3 Nd4 13. Qd2 Nxb3 14. cxb3 f5
15. b4 Bb6 16. Qe2 fxe4 17. Qxe4 f5 18. Qd5+ Kh8 19. Nxe5 dxe5 20. Qf7 Rg8 21.
f3 Bf2+ 22. Kxf2 Qd4+ 23. Kg3 f4+ 24. Kh4 Qf2+ 25. g3 fxg3 26. hxg3 Qxf3 27.
Rhf1 Qxg3+ 28. Kxg3 Be2+ 29. Kf2 Bxf1 30. Rxf1 Rg6 31. Bf8 Rg8 32. Rg1 Rgxf8
33. Rg8+ Rxg8 34. Qxc7 Raf8+ 35. Ke3 Rg3+ 36. Ke4 h5 37. Qxe5+ Rg7 38. Qxh5+
Rh7 39. Qe5+ Kg8 40. d4 Rh4+ 41. Kd5 Rd8+ 42. Kc6 Rh6+ 43. Kc7 Rf8 44. Qe7 Rh7
45. Qxh7+ Kxh7 46. d5 Rf7+ 47. Kc6 Rf6+ 48. d6 a5 49. bxa5 Rf5 50. d7 Rf6+ 51.
Kc7 Rf8 52. d8=Q Rxd8 53. Kxd8 Kg6 54. a6 Kf5 55. a7 Ke5 56. a8=Q Kd6 57. Qc8
b4 58. a4 b3 59. a5 Ke5 60. Qc5+ Kf6 61. Qd6+ Kg7 62. Qe7+ Kh8 63. Qg5 Kh7 64.
Ke7 Kh8 65. Kf7 Kh7 66. Qg7# 1-0

[Event "1/2 finale Omniums -14 ans"]
[Site "Maisons Alfort"]
[Date "2019.06.10"]
[Round "1.4"]
[White "Faurie, Louis"]
[Black "Patron, Valentin"]
[Result "1-0"]
[WhiteElo "1150"]
[BlackElo "1009"]
[PlyCount "59"]
[EventDate "2019.??.??"]
[EventType "tourn"]
[SourceVersionDate "2019.06.11"]
[WhiteTeam "MGE 2"]
[BlackTeam "Montreuil  EDLV"]

1. f4 d5 2. e3 Bf5 3. b3 Nc6 4. Bb2 Nf6 5. Nc3 e6 6. Nf3 Bc5 7. Bd3 O-O 8. O-O
Ng4 9. Ne2 Bxe3+ 10. Kh1 Bxd3 11. cxd3 Qe8 12. Ne5 Nf2+ 13. Rxf2 Bxf2 14. Ba3
Ne7 15. Ng4 Qb5 16. Nxf2 Qb6 17. Ng4 Kh8 18. Bb2 Rg8 19. Nh6 Ng6 20. Nxg8 Kxg8
21. Qc2 Re8 22. Qc3 e5 23. f5 Nh4 24. Nf4 h6 25. Nxd5 Re6 26. Nxb6 Rf6 27. Nd7
Rxf5 28. Nxe5 Rf2 29. Ng4 Rxg2 30. Qxg7# 1-0

[Event "1/2 finale Omniums -14 ans"]
[Site "Maisons Alfort"]
[Date "2019.06.10"]
[Round "2.1"]
[White "Masson, Vincent"]
[Black "Ye, Axel"]
[Result "0-1"]
[WhiteElo "1170"]
[BlackElo "1199"]
[PlyCount "110"]
[EventDate "2019.??.??"]
[EventType "tourn"]
[SourceVersionDate "2019.06.11"]
[WhiteTeam "Montreuil  EDLV"]
[BlackTeam "MGE 2"]

1. d4 d6 2. b3 e5 3. e3 Nc6 4. Nf3 Bg4 5. Be2 e4 6. Nfd2 Bxe2 7. Qxe2 d5 8. Bb2
Bb4 9. Nc3 Nf6 10. f3 exf3 11. gxf3 O-O 12. O-O-O Re8 13. Nf1 Nh5 14. f4 Qf6
15. Rd3 Nxf4 16. Qd1 Nxd3+ 17. Qxd3 Re7 18. Qb5 b6 19. Ng3 Bxc3 20. Bxc3 Rxe3
21. Nh5 Qg5 22. Bd2 Nxd4 23. Qa4 Ne2+ 24. Kb2 Qe5+ 25. c3 Nxc3 26. Qb4 Ne4+ 27.
Ka3 Nxd2 28. Qxd2 Qe7+ 29. Kb2 Re2 30. Qxe2 Qxe2+ 31. Ka3 Qe7+ 32. Kb2 Qe5+ 33.
Kc2 Qxh5 34. Kc3 Qf3+ 35. Kb4 Qxh1 36. Kb5 Qf1+ 37. Kc6 Qf6+ 38. Kb7 Re8 39.
Kxa7 Re7 40. b4 c6+ 41. Ka6 Re5 42. Kxb6 c5+ 43. Kxc5 Qf2+ 44. Kd6 Re6+ 45.
Kxd5 Qe2 46. b5 Qe5+ 47. Kc4 Qf4+ 48. Kc5 Qf5+ 49. Kb4 Re4+ 50. Ka5 Qc8 51. b6
Qc5+ 52. Ka6 Ra4+ 53. Kb7 Rb4 54. Ka8 Qc8+ 55. Ka7 Ra4# 0-1

[Event "1/2 finale Omniums -14 ans"]
[Site "Maisons Alfort"]
[Date "2019.06.10"]
[Round "2.2"]
[White "Ben Kamouche, Mehdi"]
[Black "Villeret, Robin"]
[Result "0-1"]
[WhiteElo "1099"]
[BlackElo "1120"]
[PlyCount "54"]
[EventDate "2019.??.??"]
[EventType "tourn"]
[SourceVersionDate "2019.06.11"]
[WhiteTeam "Montreuil  EDLV"]
[BlackTeam "MGE 2"]

1. e4 c5 2. f4 Nc6 3. Nh3 g6 4. c4 Bg7 5. Na3 e5 6. g3 Nge7 7. d3 O-O 8. b3
exf4 9. gxf4 Bxa1 10. f5 Bc3+ 11. Bd2 Bxd2+ 12. Kxd2 Nd4 13. Rg1 Nec6 14. fxg6
fxg6 15. Qg4 Nf3+ 16. Kd1 Nxg1 17. Nxg1 d6 18. Be2 Bxg4 19. Bxg4 Nb4 20. Be6+
Kg7 21. Nc2 Rf1+ 22. Ne1 Nxd3 23. Kd2 Nxe1 24. Bh3 Rxg1 25. Ke2 Qh4 26. Bf5
Rg2+ 27. Ke3 Qg5# 0-1

[Event "1/2 finale Omniums -14 ans"]
[Site "Maisons Alfort"]
[Date "2019.06.10"]
[Round "2.3"]
[White "Patron, Valentin"]
[Black "Allaire, Tom"]
[Result "0-1"]
[WhiteElo "1009"]
[BlackElo "1080"]
[PlyCount "40"]
[EventDate "2019.??.??"]
[EventType "tourn"]
[SourceVersionDate "2019.06.11"]
[WhiteTeam "Montreuil  EDLV"]
[BlackTeam "MGE 2"]

1. e4 e5 2. Nf3 Nc6 3. Nc3 Nf6 4. Bc4 Bb4 5. d3 O-O 6. Bg5 d6 7. a3 Bxc3+ 8.
bxc3 Nd4 9. Nh4 Ne6 10. Nf5 Nxg5 11. Rb1 Bxf5 12. exf5 e4 13. Rxb7 exd3 14. Rb5
dxc2 15. Qxc2 Re8+ 16. Re5 Rxe5+ 17. Kf1 Qe7 18. Bd5 Rxd5 19. Qb2 Re8 20. Qb3
Qe1# 0-1

[Event "1/2 finale Omniums -14 ans"]
[Site "Maisons Alfort"]
[Date "2019.06.10"]
[Round "2.4"]
[White "Piot, Prunelle"]
[Black "Faurie, Louis"]
[Result "0-1"]
[WhiteElo "1099"]
[BlackElo "1150"]
[PlyCount "48"]
[EventDate "2019.??.??"]
[EventType "tourn"]
[SourceVersionDate "2019.06.11"]
[WhiteTeam "Montreuil  EDLV"]
[BlackTeam "MGE 2"]

1. e4 c5 2. Bc4 d6 3. Nf3 g6 4. d3 Bg7 5. Bg5 Nf6 6. Nc3 Bd7 7. Qd2 Nc6 8.
O-O-O O-O 9. d4 cxd4 10. Nxd4 Re8 11. Nxc6 bxc6 12. Qd3 Rb8 13. Bxf6 Bxf6 14.
Nd5 cxd5 15. Qxd5 Be6 16. Qc6 Rc8 17. Qb7 Rxc4 18. Qa6 Bg5+ 19. Kb1 Rxe4 20. f3
Qc8 21. Qd3 Re3 22. Qd2 Qa6 23. Rdf1 Re2 24. Qd1 Qxa2# 0-1

[Event "1/2 finale Omniums -14 ans"]
[Site "Maisons Alfort"]
[Date "2019.06.10"]
[Round "1.1"]
[White "Van Houtte, Hugo"]
[Black "Dupont, Timour"]
[Result "1-0"]
[WhiteElo "1033"]
[BlackElo "1122"]
[PlyCount "163"]
[EventDate "2019.??.??"]
[EventType "tourn"]
[SourceVersionDate "2019.06.11"]
[WhiteTeam "MGE 1"]
[BlackTeam "Le Vesinet"]

{[%evp 0,163,27,22,22,22,26,17,8,-17,-42,-35,94,94,97,82,99,95,95,95,108,116,
108,110,118,107,128,124,156,78,156,103,103,103,121,58,78,66,72,66,233,253,277,
227,229,124,132,114,115,104,107,104,101,89,95,95,109,95,104,50,56,56,70,70,70,
77,94,47,143,51,168,162,160,144,172,98,102,90,247,0,0,0,46,49,43,46,46,46,44,
50,50,43,75,50,408,421,423,421,421,408,402,404,400,442,428,342,528,533,567,589,
1289,1289,28367,29968,29971,2121,29971,29972,29973,29970,29977,29974,29981,
29980,29981,29976,29981,29980,29983,29982,29983,29986,29987,29988,29989,29988,
29989,29990,29993,29990,29991,29990,29991,29988,29993,29992,29993,29990,29991,
29992,29993,29994,29995,29992,29993,29994,29995,29994,29995,29994,29995,29996,
29997,29998,29999,-30000]} 1. e4 e5 2. Nf3 Nc6 3. Bc4 Nf6 4. Ng5 d5 5. exd5
Nxd5 6. Nxf7 Kxf7 7. Qf3+ Ke8 8. Bxd5 Qf6 9. Bxc6+ Qxc6 10. Qxc6+ bxc6 11. O-O
Bf5 12. d3 Bc5 13. Be3 Bb4 14. c3 Ba5 15. d4 exd4 16. Bxd4 Bb6 17. Bxb6 cxb6
18. Re1+ Kd7 19. Nd2 Kc7 20. Re7+ Kc8 21. Rae1 Rd8 22. Re8 Bg6 23. Rxd8+ Kxd8
24. Nf3 c5 25. Ne5 Bf5 26. Nf7+ Kd7 27. Ne5+ Kd6 28. Nc4+ Kc6 29. Rd1 Re8 30.
Ne3 Bc8 31. c4 Ba6 32. b3 b5 33. h3 h5 34. Nf5 g5 35. Rd6+ Kb7 36. Rd7+ Kb8 37.
Nd6 Re1+ 38. Kh2 Rd1 39. Kg3 bxc4 40. bxc4 Bxc4 41. Rd8+ Kc7 42. Rc8+ Kd7 43.
Rxc5 h4+ 44. Kh2 Bxa2 45. Ne4 Bd5 46. Nc3 Re1 47. Rxd5+ Kc6 48. Rxg5 Rc1 49.
Rg6+ Kc5 50. Ne4+ Kd4 51. Rg4 a5 52. Ng5+ Kc3 53. Ra4 Rf1 54. Rxa5 Rxf2 55.
Ne4+ Kd3 56. Nxf2+ Ke3 57. Ng4+ Kf4 58. Rh5 Ke4 59. Rxh4 Kf5 60. Ne3+ Ke5 61.
Kg3 Kf6 62. Rh5 Ke6 63. Kf4 Kf6 64. Rh6+ Ke7 65. Kf5 Kd7 66. Ke5 Kc7 67. Kd5
Kb7 68. Kc5 Ka7 69. Kb5 Kb7 70. Rh7+ Kc8 71. Ka6 Kb8 72. Rg7 Kc8 73. Kb6 Kd8
74. Kc6 Ke8 75. Kd6 Kf8 76. Re7 Kg8 77. Ke6 Kf8 78. Kf6 Kg8 79. g3 Kf8 80. Re5
Kg8 81. Rh5 Kf8 82. Rh8# 1-0

[Event "1/2 finale Omniums -14 ans"]
[Site "Maisons Alfort"]
[Date "2019.06.10"]
[Round "1.2"]
[White "Pauvert, Julien"]
[Black "Yu, Matthieu"]
[Result "1-0"]
[WhiteElo "1260"]
[BlackElo "1099"]
[PlyCount "127"]
[EventDate "2019.??.??"]
[EventType "tourn"]
[SourceVersionDate "2019.06.11"]
[WhiteTeam "MGE 1"]
[BlackTeam "Le Vesinet"]

1. e4 e5 2. Nf3 Nc6 3. Bb5 Bc5 4. c3 Nf6 5. O-O Nxe4 6. d4 exd4 7. Re1 a6 8.
Ba4 b5 9. Bb3 d5 10. Nxd4 Bxd4 11. cxd4 O-O 12. Nc3 Nxc3 13. bxc3 Be6 14. Bf4
Qf6 15. Bxc7 Qg6 16. Bc2 Qg5 17. Qd3 g6 18. Rab1 a5 19. Rxb5 Bf5 20. Qd1 Bh3
21. g3 Na7 22. Rb1 Qh6 23. Qf3 a4 24. Qf6 Qg7 25. Qxg7+ Kxg7 26. Bxa4 Bf5 27.
Rbc1 Bd3 28. Bc2 Bxc2 29. Rxc2 Nb5 30. Bb6 Na3 31. Rcc1 Nc4 32. Ra1 Nxb6 33.
Rec1 Rfe8 34. Rc2 Nc4 35. a4 h5 36. Rca2 f5 37. a5 g5 38. a6 Ra7 39. Kg2 Kh6
40. h4 gxh4 41. gxh4 Rg8+ 42. Kh3 Nd6 43. f3 f4 44. Ra5 Rg3+ 45. Kh2 Nf5 46.
Rxd5 Ne3 47. Rd6+ Kg7 48. Rb6 Rg2+ 49. Kh3 Rg3+ 50. Kh2 Nc2 51. Rb7+ Rxb7 52.
axb7 Nxa1 53. b8=Q Rxf3 54. Qb7+ Kf6 55. Qxf3 Kf5 56. d5 Ke5 57. c4 Kd6 58.
Qxf4+ Kc5 59. d6 Kc6 60. c5 Kd7 61. Qa4+ Kc8 62. Qxa1 Kd7 63. Qa7+ Kc8 64. Qc7#
1-0

[Event "1/2 finale Omniums -14 ans"]
[Site "Maisons Alfort"]
[Date "2019.06.10"]
[Round "1.3"]
[White "Masquelier, Peyo"]
[Black "Alata, Aurelien"]
[Result "1-0"]
[WhiteElo "1150"]
[BlackElo "1190"]
[PlyCount "121"]
[EventDate "2019.??.??"]
[EventType "tourn"]
[SourceVersionDate "2019.06.11"]
[WhiteTeam "MGE 1"]
[BlackTeam "Le Vesinet"]

1. e4 c5 2. Nf3 Nc6 3. Nc3 g6 4. Bb5 Qc7 5. O-O Bg7 6. d3 a6 7. Ba4 e6 8. Be3
b6 9. Qd2 Nge7 10. Rfe1 O-O 11. d4 cxd4 12. Nxd4 Nxd4 13. Bxd4 e5 14. Be3 b5
15. Bb3 Bb7 16. Bg5 Rfe8 17. Qe3 b4 18. Ne2 Kf8 19. Qf3 f5 20. Qh3 h5 21. Bxe7+
Rxe7 22. exf5 gxf5 23. Qxf5+ Ke8 24. Qxh5+ Kd8 25. Rad1 Qc6 26. f3 Kc7 27. Ng3
Rh8 28. Qg5 Qb6+ 29. Kf1 Bf6 30. Qf5 Rxh2 31. Ba4 Bc8 32. Rd2 Bh4 33. Qg4 Bxg3
34. Qxg3 Rh1+ 35. Ke2 Rxe1+ 36. Kxe1 a5 37. b3 Ba6 38. c4 Qg1+ 39. Ke2 Kd8 40.
Qh4 Ke8 41. Qh8+ Kf7 42. Rxd7 Qxg2+ 43. Ke1 Qg1+ 44. Ke2 Qg2+ 45. Ke3 Qg5+ 46.
Kf2 Qd2+ 47. Rxd2 Bb7 48. Qh7+ Kf6 49. Rd7 Rxh7 50. Rxh7 Kf5 51. Rxb7 e4 52.
fxe4+ Kxe4 53. Ra7 Kd4 54. Rxa5 Kc3 55. c5 Kb2 56. c6 Kc3 57. c7 Kb2 58. c8=Q
Ka3 59. Qc1+ Kxa2 60. Bb5+ Kxb3 61. Bc4# 1-0

[Event "1/2 finale Omniums -14 ans"]
[Site "Maisons Alfort"]
[Date "2019.06.10"]
[Round "1.4"]
[White "Wernain, Gregoire"]
[Black "Karushkov Nguyen, Maximilien"]
[Result "1-0"]
[WhiteElo "1085"]
[BlackElo "1009"]
[PlyCount "113"]
[EventDate "2019.??.??"]
[EventType "tourn"]
[SourceVersionDate "2019.06.11"]
[WhiteTeam "MGE 1"]
[BlackTeam "Le Vesinet"]

{[%evp 0,113,19,31,72,53,86,74,78,46,48,27,46,37,36,32,41,23,26,20,25,16,3,0,
-3,13,13,-54,14,14,54,-12,-39,-548,-575,-572,-477,-504,-351,-347,-347,-347,
-278,-284,-260,-270,-254,-260,-275,-272,-195,-267,-201,-284,-290,-337,-353,
-356,-358,-385,-299,-299,-299,-349,-295,-298,-302,-356,-341,-385,-354,-442,
-355,-399,-321,-344,-380,-353,-358,-374,-340,-357,-318,-319,-344,-358,-304,
-318,-320,-360,183,205,217,218,348,403,386,410,411,429,401,401,480,504,669,740,
768,827,880,906,969,414,507,507,507,507]} 1. e4 c5 2. Nf3 d6 3. Nc3 Nf6 4. Bb5+
Bd7 5. Bxd7+ Qxd7 6. O-O Nc6 7. d3 g6 8. Bg5 Bg7 9. Qd2 O-O-O 10. Rfe1 h6 11.
Bxf6 Bxf6 12. a4 g5 13. Reb1 Bxc3 14. Qxc3 h5 15. Qd2 g4 16. g3 gxf3 17. Qe3 h4
18. Qxf3 hxg3 19. fxg3 Qh3 20. Qg2 Qxg2+ 21. Kxg2 Nd4 22. c3 Nc6 23. b4 cxb4
24. cxb4 a6 25. Rc1 Rh5 26. d4 Kb8 27. d5 Nxb4 28. Rab1 Nd3 29. Rc3 Ne5 30.
Rcb3 Rd7 31. Rd1 f6 32. Rc1 Rc7 33. Rcb1 Kc8 34. R3b2 Ng4 35. h3 Ne5 36. g4 Rg5
37. Kg3 Nd3 38. Rb3 Nc5 39. Re3 Re5 40. Kf4 Rd7 41. Rc1 e6 42. dxe6 Re7 43. h4
R7xe6 44. Kf3 d5 45. Rxc5+ Kd7 46. Rxd5+ Kc6 47. Rc3+ Kb6 48. a5+ Ka7 49. Rxe5
Rxe5 50. h5 Re7 51. Kf4 Rf7 52. h6 b6 53. axb6+ Kxb6 54. Rh3 Rh7 55. g5 fxg5+
56. Kxg5 a5 57. Kg6 1-0

[Event "1/2 finale Omniums -14 ans"]
[Site "Maisons Alfort"]
[Date "2019.06.10"]
[Round "2.1"]
[White "Yu, Matthieu"]
[Black "Van Houtte, Hugo"]
[Result "0-1"]
[WhiteElo "1099"]
[BlackElo "1033"]
[PlyCount "82"]
[EventDate "2019.??.??"]
[EventType "tourn"]
[SourceVersionDate "2019.06.11"]
[WhiteTeam "Le Vesinet"]
[BlackTeam "MGE 1"]

{[%evp 0,82,19,38,43,30,30,-10,28,15,-2,3,-1,-2,16,11,18,27,27,26,17,2,23,11,
11,-15,297,-111,-82,-164,-115,-179,-184,-198,-167,-179,-160,-168,-51,-55,-69,
-59,-49,-255,-236,-270,-294,-368,-372,-396,-375,-389,-400,-413,-394,-430,-419,
-484,-433,-433,-430,-485,-478,-570,-647,-662,-672,-1471,-1590,-1623,-1644,
-2053,-1545,-29985,-29984,-29987,-29988,-29991,-29992,-29999,-29996,-29997,
-29998,-29999,-30000]} 1. e4 e6 2. Nc3 d5 3. d3 dxe4 4. dxe4 Qxd1+ 5. Nxd1 Nc6
6. Nc3 Bb4 7. Bd2 Nf6 8. Bd3 O-O 9. a3 Bd6 10. Nf3 Ne5 11. Nxe5 Bxe5 12. Nd1
Bxb2 13. Ra2 Be5 14. Bg5 h6 15. Bxf6 Bxf6 16. Ne3 Kh8 17. Ng4 Be7 18. O-O e5
19. Nxe5 Be6 20. Rb2 Bf6 21. Rb5 a6 22. Rxb7 Bxe5 23. c4 Rfb8 24. Rxb8+ Rxb8
25. Rd1 Rb3 26. a4 Rb4 27. c5 Rxa4 28. Bc2 Ra1 29. Rxa1 Bxa1 30. Bd3 a5 31. Bb5
Bb3 32. c6 a4 33. e5 a3 34. Kf1 a2 35. e6 Bxe6 36. g3 Bd5 37. Ke2 Bd4 38. f3
a1=Q 39. Kd3 Qc3+ 40. Ke2 Qe3+ 41. Kd1 Bb3# 0-1

[Event "1/2 finale Omniums -14 ans"]
[Site "Maisons Alfort"]
[Date "2019.06.10"]
[Round "2.2"]
[White "Dupont, Timour"]
[Black "Pauvert, Julien"]
[Result "0-1"]
[WhiteElo "1122"]
[BlackElo "1260"]
[PlyCount "56"]
[EventDate "2019.??.??"]
[EventType "tourn"]
[SourceVersionDate "2019.06.11"]
[WhiteTeam "Le Vesinet"]
[BlackTeam "MGE 1"]

1. e4 d5 2. e5 f6 3. f4 fxe5 4. fxe5 Nc6 5. d4 e6 6. Nf3 Nge7 7. Nc3 Ng6 8. Bd3
Bb4 9. Bd2 Nce7 10. Bg5 Qd7 11. Bxe7 Qxe7 12. a3 Bxc3+ 13. bxc3 Nf4 14. O-O O-O
15. Bb5 Bd7 16. Bxd7 Qxd7 17. g3 Ng6 18. Rb1 b6 19. Qd3 c5 20. Rb5 c4 21. Rxd5
exd5 22. Qe2 Qg4 23. Qe1 Rxf3 24. Rxf3 Qxf3 25. e6 Re8 26. a4 Qe4 27. Qf1 Rf8
28. Qh3 Qe1+ 0-1

[Event "1/2 finale Omniums -14 ans"]
[Site "Maisons Alfort"]
[Date "2019.06.10"]
[Round "2.3"]
[White "Karushkov Nguyen, Maximilien"]
[Black "Masquelier, Peyo"]
[Result "0-1"]
[WhiteElo "1089"]
[BlackElo "1150"]
[PlyCount "32"]
[EventDate "2019.??.??"]
[EventType "tourn"]
[SourceVersionDate "2019.06.11"]
[WhiteTeam "Le Vesinet"]
[BlackTeam "MGE 1"]

1. e4 e5 2. Nf3 Nc6 3. d4 d6 4. Bc4 Nf6 5. dxe5 dxe5 6. Qxd8+ Nxd8 7. Nxe5 Bd6
8. Nf3 Nxe4 9. O-O O-O 10. Re1 Re8 11. Bg5 Nc6 12. Nc3 Bf5 13. Bd3 Nxc3 14.
Bxf5 Nd5 15. Red1 Nb6 16. Bd7 Nxd7 0-1

[Event "1/2 finale Omniums -14 ans"]
[Site "Maisons Alfort"]
[Date "2019.06.10"]
[Round "2.4"]
[White "Alata, Aurelien"]
[Black "Wernain, Gregoire"]
[Result "1-0"]
[WhiteElo "1190"]
[BlackElo "1085"]
[PlyCount "139"]
[EventDate "2019.??.??"]
[EventType "tourn"]
[SourceVersionDate "2019.06.11"]
[WhiteTeam "Le Vesinet"]
[BlackTeam "MGE 1"]

1. d4 d5 2. c4 Nf6 3. Nf3 Nc6 4. e3 Bg4 5. h3 Bh5 6. Nc3 e6 7. Bd3 Bb4 8. O-O
O-O 9. Bd2 Bxc3 10. Bxc3 Ne4 11. Be2 Qe7 12. Ne5 Bxe2 13. Qxe2 Nxe5 14. dxe5
Qg5 15. Qg4 Qxg4 16. hxg4 Nxc3 17. bxc3 dxc4 18. Rab1 Rab8 19. Rb4 b5 20. Rfb1
a6 21. a4 c6 22. f4 h6 23. Kf2 g5 24. f5 exf5 25. gxf5 f6 26. e6 Rfe8 27. Kg3
Kg7 28. Kg4 Rbd8 29. e4 Rd3 30. axb5 cxb5 31. Ra1 Rd6 32. Kh5 Re7 33. Rb2 Rb6
34. Rba2 Ra7 35. Rd2 Rb8 36. Rd7+ Rxd7 37. exd7 Rd8 38. Rxa6 Rxd7 39. Rb6 Re7
40. Rxb5 Rxe4 41. Rb7+ Kg8 42. Kg6 Kf8 43. Kxf6 g4 44. Rb8+ Re8 45. Rxe8+ Kxe8
46. Kg6 Ke7 47. f6+ Kf8 48. Kxh6 Kf7 49. Kg5 g3 50. Kg4 Kxf6 51. Kxg3 Kf5 52.
Kf3 Kg5 53. Ke4 Kg4 54. Kd4 Kg3 55. Kxc4 Kxg2 56. Kd4 Kf3 57. c4 Kf4 58. c5 Kf5
59. Kd5 Kf6 60. c6 Ke7 61. Kc5 Kd8 62. Kb6 Kc8 63. c7 Kd7 64. Kb7 Kd6 65. c8=Q
Ke5 66. Qd7 Ke4 67. Qb5 Ke3 68. Kc6 Kd2 69. Qb3 Kc1 70. Qa2 1-0

[Event " finale Omniums -14 ans"]
[Site "Maisons Alfort"]
[Date "2019.06.10"]
[Round "1.2"]
[White "Pauvert, Julien"]
[Black "Villeret, Robin"]
[Result "1-0"]
[WhiteElo "1260"]
[BlackElo "1120"]
[PlyCount "73"]
[EventDate "2019.??.??"]
[EventType "tourn"]
[SourceVersionDate "2019.06.11"]
[WhiteTeam "MGE 1"]
[BlackTeam "MGE 2"]

1. e4 c5 2. c3 Nc6 3. d4 cxd4 4. cxd4 e6 5. Nf3 g6 6. Bb5 Bg7 7. O-O Nge7 8.
Nc3 O-O 9. Bf4 d5 10. e5 f6 11. Re1 fxe5 12. Bxe5 Nxe5 13. Nxe5 Qb6 14. Qd2 Nf5
15. Rad1 a6 16. Bd7 Nxd4 17. Qxd4 Qxd4 18. Rxd4 Bxe5 19. Bxe6+ Bxe6 20. Rxe5
Rf6 21. Nxd5 Rc8 22. Ne7+ Kf7 23. Nxc8 Bxc8 24. Rc5 Bf5 25. Rf4 Rd6 26. g4 Rd1+
27. Kg2 Ke6 28. gxf5+ gxf5 29. Rc7 Ra1 30. a3 b6 31. Rxh7 Ra2 32. Rh5 Rxb2 33.
Rhxf5 Rb3 34. a4 a5 35. h4 b5 36. Rxb5 Rxb5 37. axb5 1-0

[Event " finale Omniums -14 ans"]
[Site "Maisons Alfort"]
[Date "2019.06.10"]
[Round "1.3"]
[White "Masquelier, Peyo"]
[Black "Allaire, Tom"]
[Result "1-0"]
[WhiteElo "1150"]
[BlackElo "1080"]
[PlyCount "63"]
[EventDate "2019.??.??"]
[EventType "tourn"]
[SourceVersionDate "2019.06.11"]
[WhiteTeam "MGE 1"]
[BlackTeam "MGE 2"]

1. e4 e5 2. Nf3 Nc6 3. Bb5 Nf6 4. Nc3 Bb4 5. O-O d6 6. d3 O-O 7. Be3 b6 8. Nd5
Nxd5 9. exd5 Ne7 10. c3 a6 11. Ba4 b5 12. Bc2 Ba5 13. c4 bxc4 14. dxc4 Bg4 15.
Qd3 Bf5 16. Qd1 e4 17. Nh4 Qd7 18. f3 exf3 19. Rxf3 Bxc2 20. Qxc2 c6 21. dxc6
Nxc6 22. Rg3 Bd8 23. Bh6 Bf6 24. Nf5 Kh8 25. Bxg7+ Bxg7 26. Nxg7 Rg8 27. Qc3
Ne5 28. Nh5 Rxg3 29. Qxg3 Ng6 30. Rd1 Qa4 31. Qc3+ Kg8 32. Qg7# 1-0

[Event " finale Omniums -14 ans"]
[Site "Maisons Alfort"]
[Date "2019.06.10"]
[Round "1.4"]
[White "Wernain, Gregoire"]
[Black "Faurie, Louis"]
[Result "1-0"]
[WhiteElo "1085"]
[BlackElo "1150"]
[PlyCount "139"]
[EventDate "2019.??.??"]
[EventType "tourn"]
[SourceVersionDate "2019.06.11"]
[WhiteTeam "MGE 1"]
[BlackTeam "MGE 2"]

1. e4 c5 2. Nf3 d6 3. Nc3 g6 4. Bb5+ Nc6 5. O-O Bg7 6. d3 Bd7 7. Bg5 Nf6 8. Qd2
h6 9. Be3 O-O 10. Bxh6 Re8 11. Nd5 Nxd5 12. exd5 Nd4 13. Nxd4 Bxd4 14. c3 Bh8
15. Bxd7 Qxd7 16. Qg5 Bf6 17. Qg3 g5 18. Bxg5 Qf5 19. Bxf6+ Qg6 20. Qxg6+ fxg6
21. Bh4 e6 22. dxe6 Rxe6 23. Rfe1 Rae8 24. Rxe6 Rxe6 25. Kf1 Re5 26. Re1 Rh5
27. Bg3 Kf7 28. Bxd6 b6 29. Re7+ Kf6 30. Rxa7 Ke6 31. Bg3 b5 32. Rc7 Kd5 33. b3
b4 34. cxb4 cxb4 35. Rb7 Kc5 36. d4+ Kxd4 37. Rxb4+ Kc3 38. Rc4+ Kb2 39. b4
Kxa2 40. Rh4 Rb5 41. Ke2 Kb3 42. Ke3 Rxb4 43. Rxb4+ Kxb4 44. Bb8 Kc5 45. Kf4
Kd5 46. Kg5 Kc6 47. Kxg6 Kb7 48. h4 Kxb8 49. g4 Kc8 50. Kf7 Kd8 51. h5 Kc8 52.
h6 Kd8 53. f4 Kc8 54. g5 Kd8 55. g6 Kc8 56. f5 Kd8 57. f6 Kc8 58. g7 Kd8 59.
Ke6 Kc8 60. f7 Kb8 61. h7 Kc8 62. h8=R+ Kc7 63. g8=R Kb7 64. f8=R Kc7 65. Rd8
Kb7 66. Rc8 Ka6 67. Rg1 Kb7 68. Rb1+ Ka6 69. Rh2 Ka5 70. Ra2# 1-0

[Event " finale Omniums -14 ans"]
[Site "Maisons Alfort"]
[Date "2019.06.10"]
[Round "2.1"]
[White "Villeret, Robin"]
[Black "Van Houtte, Hugo"]
[Result "0-1"]
[WhiteElo "1120"]
[BlackElo "1077"]
[PlyCount "76"]
[EventDate "2019.??.??"]
[EventType "tourn"]
[SourceVersionDate "2019.06.11"]
[WhiteTeam "MGE 2"]
[BlackTeam "MGE 1"]

1. c4 e5 2. Nc3 Nf6 3. g3 c6 4. Bg2 Bb4 5. Nf3 e4 6. Ng5 Bxc3 7. bxc3 d5 8.
cxd5 cxd5 9. e3 Ng4 10. Nxe4 dxe4 11. Bxe4 O-O 12. O-O Qa5 13. f4 Qh5 14. h4
Nf6 15. Bf3 Bg4 16. Ba3 Bxf3 17. Rxf3 Re8 18. Kg2 Qg4 19. Rb1 b6 20. Rb5 h6 21.
Rf1 Qxd1 22. Rxd1 Ne4 23. Kf3 Nf6 24. g4 Na6 25. g5 hxg5 26. hxg5 Nd7 27. Rh1
Ndc5 28. d4 Ne4 29. Re5 Rxe5 30. dxe5 Nxc3 31. f5 Re8 32. Kf4 Nc5 33. Bb2 Nd3+
34. Kg4 Nxb2 35. f6 Rxe5 36. fxg7 Rxe3 37. Rh7 Kxh7 38. g6+ Kxg7 0-1